Tha Carter IV - Lil Wayne (Tracklist) - Statistics

General Stats
  • This quiz has been taken 6 times
  • The average score is 12 of 21
Answer Stats
Songs % Correct
6 foot 7 foot
100%
John
100%
How To Hate
80%
How To Love
80%
MegaMan
80%
Mirror
80%
Outro
80%
So Special
80%
Blunt Blowin
60%
Intro
60%
It's Good
60%
She Will
60%
Abortion
40%
Interlude
40%
Nightmares Of The Bottom
40%
President Carter
40%
Up Up And Away
40%
I Got Some Money On Me
20%
I Like The View
20%
Two Shots
20%
Novacane
0%
No matching quizzes found
Score Distribution
Percent of People with Each Score
Percentile by Number Answered
Your Score History
You have not taken this quiz